Operation and modeling of the MOS transistor (Record no. 3949)

000 -LEADER
fixed length control field 00577nam a2200205 a 4500
001 - CONTROL NUMBER
control field 3949
003 - CONTROL NUMBER IDENTIFIER
control field BD-DhUET
008 - FIXED-LENGTH DATA ELEMENTS--GENERAL INFORMATION
fixed length control field 031117s1999 nyua b 001 0 eng
020 ## - INTERNATIONAL STANDARD BOOK NUMBER
International Standard Book Number 0071167919
040 ## - CATALOGING SOURCE
Original cataloging agency DLC
Transcribing agency DLC
Modifying agency BD-DhUET
082 00 - DEWEY DECIMAL CLASSIFICATION NUMBER
Classification number 623.815284
Item number TSI/1999
100 ## - MAIN ENTRY--PERSONAL NAME
Personal name Tsividis, Yannis
245 10 - TITLE STATEMENT
Title Operation and modeling of the MOS transistor
250 ## - EDITION STATEMENT
Edition statement 2nd ed.
260 ## - PUBLICATION, DISTRIBUTION, ETC. (IMPRINT)
Place of publication, distribution, etc. New York
Name of publisher, distributor, etc. Oxford University Press
Date of publication, distribution, etc. 1999
300 ## - PHYSICAL DESCRIPTION
Extent xx, 620p.
Other physical details ill.
504 ## - BIBLIOGRAPHY, ETC. NOTE
Bibliography, etc Includes bibliographies
650 #0 - SUBJECT ADDED ENTRY--TOPICAL TERM
Topical term or geographic name as entry element Metal oxide semiconductors - Mathematical models
942 ## - ADDED ENTRY ELEMENTS (KOHA)
Koha item type General Book
Holdings
Price effective from Koha date last borrowed Copy number Shelving location Withdrawn status Not for loan Piece designation (barcode) Source of classification or shelving scheme Koha issues (times borrowed) Koha item type Lost status Koha date last seen Sublocation or collection (holding branch) Date acquired Koha normalized classification for sorting Damaged status Location (home branch) Koha full call number
2014-11-092017-10-231Circulation section  93007 1General Book 2020-12-05Central Library, BUET2014-11-09623_000000000000000_8152TSI199 Central Library, BUET623.8152/TSI/1999
2014-12-02 2Circulation section  93010  General Book 2014-12-02Central Library, BUET2014-12-02623_815200000000000_TSI_1999 Central Library, BUET623.8152/TSI/1999
2015-06-25 3Reading section  93005  Reading Item 2015-06-25Central Library, BUET2015-06-25623_815284000000000_TSI_1999 Central Library, BUET623.815284/TSI/1999
2017-10-31 4Circulation section  93009  General Book 2017-10-31Central Library, BUET1999-04-12623_815284000000000_TSI_1999 Central Library, BUET623.815284/TSI/1999